00723nam a22002177a 450000500170000001000130001702000210003003500130005103700160006404000120008008200110009210000240010324500450012726000280017230000210020065000550022165000330027694200200030999900190032995201570034820170124110130.0 aA-123168 c00.00a333131347 aA-123168 bCen Lib/Ret aDPLbEN aNbGIE aGielgud, Val932016 aThe black Sambo affair /cby Val Gielgud aLondonbMacmillanc1972 a222p. c19cm(Hb) aPrivate investigators -- England -- Fiction932017 aPrivate investigators932018 2ddccENhNmGIE c131529d131529 04104070aLbLd2015-07-15eCen Lib/Retg0.00l0oN GIEpA-123168r2015-07-15 00:00:00t1v0.00w2015-07-15yENzW/d List No. 6876/21 ; dtd 22/08/2020